Statistics for South America's Largest Airlines

Click here to take the quiz!

General Stats

  • This quiz has been taken 35 times
  • The average score is 5 of 10

Answer Stats

PassengersAirline% Correct
74.18LATAM
97%
30.5Avianca
90%
14.5Aerolineas Argentinas
83%
33.41Gol Transportes Aeroes
70%
29.94Azul Linhas Aereas
63%
1.3Boliviana de Aviacion
33%
2.3VivaColombia
30%
0.36Conviasa
27%
0.38Linea Aerea Amaszonas
27%
1.88TAME
20%

Score Distribution

Percentile by Number Answered

Percent of People with Each Score

Your Score History

You have not taken this quiz